| 000 | 00578nam a22002057a 4500 | ||
|---|---|---|---|
| 003 | OSt | ||
| 005 | 20150703121820.0 | ||
| 008 | 150703b xxu||||| |||| 00| 0 eng d | ||
| 020 | _a9780415477598 | ||
| 040 | _cDDC | ||
| 082 | _a382.9 REG 2009 | ||
| 100 |
_aeditor Rafi, Khan Shaheen _95467 |
||
| 245 | _aRegional trade integration and conflict resolution | ||
| 260 |
_aLondon; _bRoutledge, _c2009 |
||
| 300 |
_axxii,262p; _bill: _c24cm |
||
| 504 | _aNotes, Referencs, & index included | ||
| 650 |
_aTrade _91042 |
||
| 650 |
_aConflict resolution _9354 |
||
| 942 |
_2ddc _cO_SHELF |
||
| 999 |
_c2119 _d2119 |
||